| 000 -LEADER |
| fixed length control field |
00919nam a22001817a 4500 |
| 020 ## - INTERNATIONAL STANDARD BOOK NUMBER |
| ISBN |
0815360711 |
| 082 ## - DEWEY DECIMAL CLASSIFICATION NUMBER |
| Classification number |
658.4 |
| Item number |
R522p 2019 |
| 100 ## - MAIN ENTRY--AUTHOR NAME |
| Personal name |
Richardson, Gary L., author. |
| 245 ## - TITLE STATEMENT |
| Title |
Project management theory and practice / Gary L. Richardson. |
| 250 ## - EDITION STATEMENT |
| Edition statement |
Third edition. |
| 260 ## - PUBLICATION, DISTRIBUTION, ETC. (IMPRINT) |
| Place of publication |
Boca Raton, FL : |
| Name of publisher |
CRC Press / Taylor & Francis Group, |
| Year of publication |
c2019. |
| 300 ## - PHYSICAL DESCRIPTION |
| Number of Pages |
1 online resource, xx, 610 pages : |
| Other physical details |
illustrations. |
| 500 ## - GENERAL NOTE |
| General note |
Includes bibliographical references and index. |
| 520 ## - SUMMARY, ETC. |
| Summary, etc |
It covers the evolution of project management as a discipline and introduces key concepts like the project life cycle, project organization structures, and project management methodologies. The document is organized into multiple chapters that progressively build understanding of project management fundamentals. |
| 650 ## - SUBJECT ADDED ENTRY--TOPICAL TERM |
| Topical Term |
Project management. |
| 700 ## - ADDED ENTRY--PERSONAL NAME |
| Personal name |
Jackson, Brad M., author. |
| 942 ## - ADDED ENTRY ELEMENTS (KOHA) |
| Koha item type |
Electronic Books |